000 00458nam a2200169 4500
001 44472
090 _a44472
100 _a20250519 pory50
101 _apor
_aing
102 _aPT
200 _aInfame
_frealiz. Douglas Magrath
_gToby Jones , Sandra Bullock , Daniel Craig, [et al.]
210 _a[s.l.]
_cCastello Lopes Multimedia
_d[d. reg. 2007]
215 _a1 DVD
300 _a113 min M/16
675 _a82-312.4
801 _aPT
_gRPC
990 _cFILMES DVD